Soft Skills for Everyone (Record no. 11820)

MARC details
000 -LEADER
fixed length control field 00394nam a22001697a 4500
003 - CONTROL NUMBER IDENTIFIER
control field OSt
008 - FIXED-LENGTH DATA ELEMENTS--GENERAL INFORMATION
fixed length control field 230131b ||||| |||| 00| 0 eng d
020 ## - INTERNATIONAL STANDARD BOOK NUMBER
International Standard Book Number 9789353501051
082 ## - DEWEY DECIMAL CLASSIFICATION NUMBER
Classification number 005.1023 BUS
100 ## - MAIN ENTRY--PERSONAL NAME
Personal name BUTTERFIELD,Jeff
245 ## - TITLE STATEMENT
Title Soft Skills for Everyone
250 ## - EDITION STATEMENT
Edition statement 2nd Ed
260 ## - PUBLICATION, DISTRIBUTION, ETC. (IMPRINT)
Place of publication, distribution, etc New Delhi
Name of publisher, distributor, etc Cengage
Date of publication, distribution, etc 2020
300 ## - PHYSICAL DESCRIPTION
Extent 627
650 ## - SUBJECT ADDED ENTRY--TOPICAL TERM
Topical term or geographic name as entry element Soft Skills
942 ## - ADDED ENTRY ELEMENTS (KOHA)
Source of classification or shelving scheme Dewey Decimal Classification
Koha item type Reference Books
Holdings
Withdrawn status Lost status Source of classification or shelving scheme Damaged status Not for loan Collection code Home library Current library Date acquired Source of acquisition Currency Cost, normal purchase price Bill Number Total Checkouts Full call number Acc. no. / Barcode Date last seen Actual Cost, discounted price Bill Date Koha item type Checked out Date last borrowed
    Dewey Decimal Classification     GENERAL PIET C-LIBRARY PIET C-LIBRARY 28/12/2022 International Book Centre IN Rupees 575.00 IB/IN/927   005.1023 BUS 34492 31/01/2023 402.50 28/12/2022 Reference Books    
    Dewey Decimal Classification     GENERAL PIET C-LIBRARY PIET C-LIBRARY 23/03/2024 Zafaa Books and Distributors In rupees 725.00 ZBD0463 1 005.1023 BUS 36710 29/01/2025 522.00 23/03/2024 Text Books 18/08/2025 29/01/2025
    Dewey Decimal Classification     GENERAL PIET C-LIBRARY PIET C-LIBRARY 23/03/2024 Zafaa Books and Distributors In rupees 725.00 ZBD0463   005.1023 BUS 36711 01/05/2024 522.00 23/03/2024 Reference Books    
    Dewey Decimal Classification     GENERAL PIET C-LIBRARY PIET C-LIBRARY 23/03/2024 Zafaa Books and Distributors In rupees 725.00 ZBD0463   005.1023 BUS 36712 01/05/2024 522.00 23/03/2024 Reference Books    
    Dewey Decimal Classification     GENERAL PIET C-LIBRARY PIET C-LIBRARY 23/03/2024 Zafaa Books and Distributors In rupees 725.00 ZBD0463   005.1023 BUS 36713 01/05/2024 522.00 23/03/2024 Reference Books    
    Dewey Decimal Classification     GENERAL PIET C-LIBRARY PIET C-LIBRARY 23/03/2024 Zafaa Books and Distributors In rupees 725.00 ZBD0463   005.1023 BUS 36714 01/05/2024 522.00 23/03/2024 Reference Books    

Design & Developed by: PIET Central Library
R70 Miles Stone Pattikalyana Samalkha Panipat 132102
mail ID :- [email protected], Phone No:- 0180-2569700 Ex.216